10 Most populous provinces in China - Statistics

General Stats
  • This quiz has been taken 4 times
  • The average score is 6 of 10
Answer Stats
Hint Answer % Correct
Wide Guangdong
100%
River Hebei
75%
Four Sichuan
75%
Here Zhejiang
75%
Peace Anhui
50%
River Henan
50%
Lake Hubei
50%
Lake Hunan
50%
River Jiangsu
50%
Mountain Shandong
50%
No matching quizzes found
Score Distribution
Percent of People with Each Score
Percentile by Number Answered
Your Score History
You have not taken this quiz